| 000 | 01142nam a22002777a 4500 | ||
|---|---|---|---|
| 001 | 03222 | ||
| 003 | HDC | ||
| 007 | cr bn --- | ||
| 008 | 210104b20162016my ||||| |||| 00| 0 eng d | ||
| 022 | _a2462-1714 | ||
| 040 | _aHDC | ||
| 100 |
_aRozman Mohd Yusof _eauthor _92208 |
||
| 245 | 4 |
_aThe Medical Tourists Value and Trust of Choosing Malaysia as Medical Tourism Destination _c/ Rozman Mohd Yusof [and 3 others] |
|
| 260 |
_aMalaysia: _bGlobal Business and Social Entrepreneurship Resources, _c2016 |
||
| 300 | _a1 online resource (8 pages) | ||
| 336 |
_atext _2rdacontent |
||
| 337 |
_acomputer _2rdamedia |
||
| 338 |
_aonline resource _2rdacarrier |
||
| 500 |
_aExtract from: Journal of Global Business and Social Entrepreneurship, 2016, volume 2, number 2 (pages 99-106) _aIncludes bibliographical references |
||
| 650 |
_aHalal industry _zMalaysia _9204 |
||
| 650 |
_aMedical tourism _zMalaysia _91392 |
||
| 856 | _zRequest full-text at [email protected] | ||
| 942 | _2lcc | ||
| 942 | _cAR | ||
| 942 | _kJART 002571 | ||
| 999 |
_c608 _d608 |
||